[Event "Ciocaltea Memorial"]
[Site "Bucharest"]
[Date "1998.??.??"]
[Round "11"]
[White "Rogozenco, Dorian"]
[Black "Badea, Bela"]
[Result "1/2-1/2"]
[WhiteElo "2495"]
[BlackElo "2545"]
[Annotator "Ribli,Z"]
[PlyCount "93"]
[EventDate "1998.02.??"]
[EventType "tourn"]
[EventRounds "13"]
[EventCountry "ROU"]
[EventCategory "11"]
[SourceTitle "CBM 064"]
[Source "ChessBase"]
[SourceDate "1998.06.02"]
[SourceVersion "1"]
[SourceVersionDate "1998.06.02"]
[SourceQuality "1"]

1. d4 g6 2. c4 Bg7 3. Nc3 d6 4. e4 e5 {Dies ist meines Erachtens die beste
Alternative für Schwarz, wenn er nicht die Königsindische Verteidigung - mit 4.
..Nf6 - spielen will. Ribli.} (4... Nc6) (4... Nd7) (4... c5) 5. dxe5 {Dieser
Zug bringt dem Anziehenden ganz kleinen Vorteil. Die anderen Möglichkeiten
sind: 5.d5 oder die Hauptvariante 5.Nf3.} dxe5 6. Qxd8+ Kxd8 7. f4 Be6 {
Das ist eine relativ seltene Fortsetzung. Schwarz strebt nach schneller
Figurenentwicklung. In einigen Varianten gibt er gern das Läuferpaar auf.} (
7... Nc6 8. Nf3 Nd4 $5) 8. Nf3 Nd7 9. Be2 (9. Be3 Ne7 10. Be2 Nc6 11. g3 h6 12.
Rd1 Kc8 13. O-O exf4 14. gxf4 Bxc3 15. bxc3 Re8 16. Bd3 Nb6 17. c5 Na4 18. Rc1
Nb2 19. Bb1 Bc4 20. Rf2 Nd3 {Polgar,Z-Seret/Cannes/1987/0-1 (47)}) (9. Ng5 exf4
(9... h6 10. Nxe6+ fxe6 $5 {Auf den ersten Blick steht Schwarz wegen die
Schwächen auf e6 und e5 schlechter, aber in Wahrheit stärkt der Bauer e6 das
Feld d5.}) 10. Bxf4 Be5 11. Bxe5 Nxe5 12. Nxe6+ fxe6 13. O-O-O+ Ke7 $15 {
[%csl Yd4,Ge5,Rf1] Der schwarze Springer steht auf e5 ausgezeichnet.}) 9... h6
(9... Ne7 10. O-O c6 11. Be3 Ke8 12. Rad1 h6 13. h3 exf4 14. Bxf4 g5 15. Bd6 $1
Nc8 16. Bg3 Ne7 17. Nd4 $5 Bxd4+ 18. Rxd4 Ng6 19. Nd5 $1 $36 {Cebalo,
M-Marangunic,S/CRO-ch 1995/1-0 (49)}) 10. g3 {Weiß möchte nach ...exf4 mit dem
Bauern zurückschlagen können.} (10. O-O Ne7 11. Rd1 $5 (11. Be3 exf4 12. Bxf4
g5 (12... Nc6 13. Rad1 Kc8 14. Nd5 Nce5 15. Nd4 Kb8 16. b4 Re8 17. c5 a5 18. a3
axb4 19. axb4 Ra2 20. Bb5 {Rashkovsky,N-Seret,JL/Capelle la Grande/1989/1-0 
(21)}) 13. Bg3 g4 14. Nh4 Bd4+ 15. Kh1 Be5 16. Rad1 Bxg3 17. hxg3 h5 18. Nd5
Nc6 {0,5/Adorjan-Todorcevic/Szirak izt/1987/}) 11... exf4 12. Bxf4 g5 13. Bg3
Ng6 14. Rd2 c6 15. Nd4 Bxd4+ 16. Rxd4 Ke7 17. Bd6+ Kf6 18. Rf1+ Kg7 19. c5 b6
20. cxb6 axb6 21. a3 Nde5 22. Rb4 b5 23. Rd1 Rhc8 24. a4 bxa4 25. Nxa4 Rxa4 26.
Rxa4 $14 {Suba,M-Azmayparashvili,Z/Reykjavik Summit/1990/1-0 (58)}) 10... Ne7
$11 11. O-O $146 (11. Be3 Kc8 12. O-O-O Re8 13. Rhf1 a5 14. Nh4 Bh3 15. Rf2
exf4 16. gxf4 a4 17. Bd4 Bf8 18. Rf3 Bg4 19. Re3 Bxe2 20. Rxe2 Nc6 21. Bf2 Bc5
22. Nf3 Bxf2 23. Rxf2 Nc5 24. Ne5 Nxe5 25. fxe5 Re7 26. Kc2 Ne6 27. Nd5 Rd7 28.
Rdf1 Nd8 29. Kc3 Ra6 30. Rf6 Re6 31. Rxe6 fxe6 32. Nb4 Rf7 33. Rf6 Rxf6 34.
exf6 Nf7 35. Nd3 e5 36. Kb4 g5 37. Kxa4 g4 {1/2-1/2 Quinteros,M-Larsen,B/Lone
Pine 1980 (51)}) 11... Re8 (11... c6 {Das ist ein bekanntes Motiv in dieser
Variante. Auf c7 steht der schwarze König sicher.} 12. Be3 Kc7 13. fxe5 g5 $11
{[%csl Re5][%cal Ge7g6]}) 12. Be3 exf4 13. gxf4 (13. Bxf4 g5 $11 {Und der
schwarze Plan ist klar. Er errichtet mit ...Ne7-g6-e5 eine feste
Springerstellung und spielt ...c6 mit der Idee ...Kc7.}) 13... Bxc3 $5 {
Das ist eine originelle Entscheidung. Schwarz gibt das Läuferpaar zugunsten
der besseren Bauernstruktur auf.} 14. bxc3 Nc6 15. Bd3 Na5 $13 {[%csl Rc3,Rc4]
Die weiße Struktur weist Schwächen in der c-Linie auf.} 16. Nd2 (16. f5 $6 Bxc4
$15 (16... Bxf5 $15 {[%cal Ge8e3]})) 16... f5 17. e5 Ke7 {Der Königsflügel ist
jetzt geschlossen, so daß der schwarze König dort Ruhe findet.} 18. Rab1 b6 19.
Rf3 Kf7 $15 {Die schwarze Stellung ist fest und das weiße Läuferpaar spielt
keine Rolle.} 20. Kf2 g5 {Mit diesem Durchbruch übernimmt Schwarz die
Initiative am Königsflügel.} 21. Rh3 (21. fxg5 Nxe5 $17 {[%cal Re5d3,Re5f3]})
21... Rh8 (21... Kg6 22. Rg1 g4 23. Rxg4+ $16 {[%cal Gd3g6]}) 22. Rf1 h5 $1 {
Schwarz plant 23...g4 nebst ...Nf8-g6 mit Initiative am Königsflügel zu
spielen.} (22... Kg6 23. Rg1 g4 24. Rxg4+ $16 {[%cal Gd3g6]}) (22... g4 23. Rh5
{[%csl Rf5]} Kg6 24. Rh4 {[%csl Rg6][%cal Rh4g4,Gd3g6]} h5 25. h3 $36) 23. fxg5
Nxe5 24. g6+ {Weiß opfert einen Bauern, um die Stellung zu öffnen.} (24. Bd4
Nac6 $15 (24... Nxd3+ 25. Rxd3 Rhg8 $15)) 24... Kxg6 25. Bd4 Nac6 26. Rg3+ Kf7
27. Be2 Nxd4 $6 {Dieser Tausch entdoppelt die weißen Bauern.} (27... h4 $15) (
27... Rad8 $15) 28. cxd4 Ng4+ 29. Kg1 {Weiß droht 30.Bxg4 hxg4 31.Rxg4.} (29.
Bxg4 hxg4 $15 {[%csl Rf2,Gf5,Rg3,Gg4][%cal Rh8h2]}) 29... Rag8 30. Kh1 {
[%csl Gh1] Dieser prophylaktische Zug vermeidet Unannehmlichkeiten in der
g-Linie.} Nf6 (30... Rg6) (30... Ke7) 31. Ra3 $5 (31. Rxg8 Rxg8 $15) 31... a5
32. Nf3 $44 {[%csl Rf7][%cal Gf3e5,Gf1f7] Die weiße Aktivität kompensiert den
Minusbauern und der schwarze König steht nicht sehr sicher.} Ke7 33. d5 Bc8 34.
Nd4 Ne4 (34... Rg5 35. Raf3 {[%csl Rf5]}) 35. Nxf5+ Bxf5 36. Rxf5 {Weiß hat
den geopferten Bauern zurückgewonnen und entfaltet etwas Initiative, aber das
reduzierte Material garantiert dem Schwarzen gute Remischancen.} Nd6 {[%csl
Gd6][%cal Gd6c4,Rd6f5]} 37. Rxh5 (37. Rf4 Rg5 $11) 37... Rxh5 38. Bxh5 Nxc4 39.
Rc3 $11 Ne5 (39... b5 40. Be2 {[%csl Rc4][%cal Gc3c7]}) 40. Rxc7+ Kd6 {[%csl
Gd6,Ge5,Gg8,Rh1] Die schwarze Aktivität ist ein völlig ausreichender Ersatz
für den Bauern.} 41. Rb7 Kc5 $5 {Der König verteidigt den Bauern auf b6 und
der weiße d-Bauer ist kaum zu halten.} (41... Kxd5 42. Rxb6 $14 {Ich glaube,
daß trotz des weißen Vorteils die Stellung bei gutem schwarzem Spiel mit
Punkteteilung enden muß.}) 42. Be2 (42. Bf7 $2 Rg7 $19) (42. Bd1 Nd3 {[%csl
Rh1][%cal Rd3f2,Gg8g1]} 43. Rc7+ Kd4 44. Rf7 $11) 42... Rd8 43. Rc7+ Kxd5 44.
h4 {Theoretisch steht Weiß wegen des ernfernten Freibauern besser, aber die
schwarze Aktivität kompensiert das.} Ke4 45. h5 Rd6 46. Kg2 Kf4 47. Kf2 {
und in gleicher Stellung wurde Remis vereinbart.} (47. Kf2 Ng4+ 48. Bxg4 Kxg4
$11) 1/2-1/2

[Event "Groningen op"]
[Site "Groningen"]
[Date "1990.??.??"]
[Round "9"]
[White "Petrosian, Arshak B"]
[Black "Cifuentes Parada, Roberto"]
[Result "0-1"]
[WhiteElo "2500"]
[BlackElo "2480"]
[Annotator "Ribli,Z"]
[PlyCount "88"]
[EventDate "1990.??.??"]
[EventType "swiss"]
[EventRounds "9"]
[EventCountry "NED"]
[SourceTitle "CBM 022"]
[Source "ChessBase"]
[SourceDate "1991.06.01"]
[SourceVersion "1"]
[SourceVersionDate "1991.06.01"]
[SourceQuality "1"]

1. d4 d6 2. Nf3 g6 3. c4 Bg7 4. Nc3 e5 5. e4 Nc6 6. d5 (6. Bg5 f6 7. Be3 Nh6 8.
dxe5 dxe5 9. Qxd8+ Kxd8 10. O-O-O+ Bd7 11. h3 Nf7 12. c5 $14 {Illescas Cordoba,
M-Todorcevic,M Pamplona 1990 CBM/21}) 6... Nd4 7. Nxd4 exd4 8. Nb5 a6 9. Nxd4
Qh4 $1 10. e5 $1 Qe4+ 11. Be3 Qxe5 12. Be2 Nf6 13. Qd2 Ng4 14. Bxg4 Bxg4 15.
O-O Bd7 16. f4 Qh5 17. f5 gxf5 18. Ne2 Be5 19. Nf4 Qh4 20. Rf3 Rg8 21. Raf1
O-O-O 22. b4 $146 Rde8 23. b5 axb5 24. Qa5 Kd8 25. cxb5 Bxf4 26. Bxf4 Re2 27.
R1f2 Rxf2 28. Rxf2 Qf6 29. h3 Qa1+ 30. Kh2 Qd4 31. Bxd6 Qb6 32. Qxb6 cxb6 33.
a4 (33. Rc2 $5 Bxb5 34. Rc7 Bf1 35. g3 $14) 33... Re8 34. Rf4 Re4 35. Kg3 Re3+
36. Kh4 $2 (36. Rf3) 36... Rd3 37. Be5 Rxd5 38. Bf6+ Kc7 39. Kg5 Rd2 40. g3 Kd6
41. Rc4 $2 (41. Rd4+ $1 $10) 41... Ke6 42. Bd4 f4 $1 43. Kxf4 Kd5 44. Rb4 Rxd4+
0-1

[Event "Antwerp"]
[Site "Antwerp"]
[Date "1993.??.??"]
[Round "3"]
[White "Gurevich, Mikhail"]
[Black "Speelman, Jonathan S"]
[Result "1-0"]
[WhiteElo "2605"]
[BlackElo "2605"]
[Annotator "Ribli,Z"]
[PlyCount "79"]
[EventDate "1993.08.??"]
[EventType "tourn"]
[EventRounds "9"]
[EventCountry "BEL"]
[EventCategory "13"]
[SourceTitle "CBM 037"]
[Source "ChessBase"]
[SourceDate "1993.12.01"]
[SourceVersion "1"]
[SourceVersionDate "1993.12.01"]
[SourceQuality "1"]

1. d4 d6 2. c4 e5 3. Nf3 exd4 4. Nxd4 g6 5. Nc3 Bg7 6. e4 Nc6 (6... Ne7 $5 {
Gelfand,B-Azmayparashvili,Z/Wijk op/1993/CBM34/INF56,62/}) 7. Be3 Nge7 8. h4 $5
f5 (8... O-O 9. h5 $36 {Reeh,O-Soos,B/Budapest/1991/EXP24/}) 9. h5 fxe4 10.
hxg6 hxg6 (10... Nxg6 $14 {Boensch,U-Azmayparashvili,Z/Dortmund/1990/CBM18/
INF49(73)/}) 11. Rxh8+ Bxh8 12. Nxe4 Bf5 13. Nxf5 (13. Ng3 {Polgar,
Zsu-Seirawan,Y/Monaco blind/1993/EXP34/}) 13... gxf5 (13... Nxf5 $5) 14. Qh5+
Kd7 15. O-O-O $1 Qg8 (15... fxe4 $2 16. Qh3+ $18) 16. Nc5+ Kc8 17. Ne6 $1 Kd7
18. Nf4 Ne5 19. Nd5 Qg4 (19... Nxd5 $2 20. Qxf5+ $16) 20. Qh7 Qg7 21. Qxg7 Bxg7
22. Nxe7 Kxe7 23. c5 Ng4 24. cxd6+ cxd6 25. Bg5+ Bf6 26. Bxf6+ Kxf6 (26... Nxf6
27. Bd3 f4 28. Bf5 $14) 27. Rxd6+ Ke5 28. Rd2 Rh8 29. Kc2 f4 30. Be2 $1 Nxf2
31. Bf3 Rc8+ 32. Kb3 Nh1 33. Rd5+ Kf6 34. Ra5 $1 Ng3 (34... a6 35. Bxb7 Rb8 36.
Rxa6+ Ke5 37. Rb6 $18) 35. Rxa7 Nf1 36. Rxb7 Nd2+ 37. Kb4 Rc4+ 38. Kb5 Rc2 39.
Ka6 Nc4 40. Rc7 1-0

[Event "Villa Martelli"]
[Site "Villa Martelli"]
[Date "1997.06.09"]
[Round "9"]
[White "Hoffman, Alejandro"]
[Black "Spangenberg, Hugo"]
[Result "1-0"]
[WhiteElo "2480"]
[BlackElo "2550"]
[Annotator "Ribli,Z"]
[PlyCount "63"]
[EventDate "1997.06.01"]
[EventType "tourn"]
[EventRounds "11"]
[EventCountry "ARG"]
[EventCategory "13"]
[SourceTitle "CBM 060"]
[Source "ChessBase"]
[SourceDate "1997.09.29"]
[SourceVersion "1"]
[SourceVersionDate "1997.09.29"]
[SourceQuality "1"]

1. d4 d6 2. e4 g6 3. c4 Bg7 4. Nc3 Nd7 5. Nge2 {Beide Spieler vermeiden die
theoretischen Hauptvarianten. Die prinzipielle Antwort wäre 5.Nf3 gewesen.} (5.
g4 $5 e5 6. d5 Ngf6 7. h4 h5 8. g5 Nh7 9. Be3 O-O 10. Nge2 Qe7 11. Ng3 Rd8 12.
Be2 Ndf8 13. Qd2 c5 14. O-O-O a6 15. Rdg1 b5 16. Qd1 bxc4 17. Bxh5 $1 gxh5 18.
Qxh5 $40 {Mirkovic-Todorcevic 51/59 (18)}) 5... a6 (5... e5 6. d5 Ne7 7. g4 $1
(7. Ng3 O-O 8. Be2 f5 9. exf5 Nxf5 10. Nge4 Nf6 11. O-O h6 12. Nxf6+ (12. c5
Nxe4 13. Nxe4 dxc5 14. Nxc5 Qe7 15. Ne4 Kh7 16. Bd2 Rd8 17. Bc4 Nd4 18. a3 b5
19. Ba2 a5 20. Bc3 b4 21. Bxd4 exd4 22. Re1 {1-0 Behle,K-Fellhauer,C/Werfen op
1991 (34)}) 12... Qxf6 13. Bd2 Nd4 14. Bg4 Qh4 15. Bxc8 Raxc8 16. f3 Rf7 17.
Ne4 Rcf8 18. b4 {1-0 Johansson,C-Olsson,L/Open-ch 1997 (25)}) 7... Nf6 8. h3 c6
9. Be3 cxd5 10. cxd5 a6 11. Ng3 b5 12. Be2 Bd7 13. Kf1 $1 Nc8 14. Kg2 Nb6 15.
b3 $14 {1-0 Summermatter,D-Todorcevic,M/Biel Mixed 1991 (30)}) (5... e6 6. Be3
a6 7. Qd2 Ne7 8. Bh6 Bxh6 9. Qxh6 c5 10. O-O-O Qa5 11. dxc5 dxc5 12. Ng3 b6 13.
h4 {1-0 Arkhipov,S-Luecke,N/Nettetal 1992 (28)}) 6. Ng3 {Es gibt ähnliche
Motive in der Königsindischen Verteidigung, aber nach meiner Meinung steht der
Springer nicht gut auf g3.} (6. Be3 $5 c6 7. c5 Ngf6 8. Nc1 O-O 9. Be2 b6 10.
cxb6 Qxb6 11. Nb3 a5 12. Rb1 Ba6 13. O-O Rfb8 14. Re1 Bxe2 15. Qxe2 Qa6 16. Qd1
a4 17. Nd2 Ne8 {0-1 Sadler,M-Andersen,J/Gausdal PG 1994 (37)}) 6... h5 {
Ein agressiver Zug. Schwarz will mit h5-h4 den Springer verjagen oder mit
Bg7-h6 seinen "traditionell" schlechten Laeufer tauschen.} 7. Be2 e5 (7... h4
8. Nf1 h3 $6 9. g3 {Auf den ersten Blick ist der Bauer stark auf h3, aber in
Wirklichkeit muß Schwarz immer vorsichtig sein, besonders im Endspiel.}) 8. d5
Bh6 {Es ist logisch, daß Schwarz diesen Läufer tauscht. In dieser Stellung
wäre der normale "Königsindische" Plan mit f7-f5 kaum gut, weil der
Königflügel bereits mit h7-h5 geschwächt ist.} 9. Bxh6 Nxh6 10. h4 $14 Qf6 $6 {
[%csl Rf6] Die schwarze Dame steht schlecht auf f6.} (10... a5 $5 {[%cal Gd7c5]
}) 11. Nf1 O-O (11... b6 12. Ne3 Bb7 {Mit der Idee 13...0-0-0 kommt in
Betracht.}) 12. Qd2 Kg7 13. Ne3 a5 14. O-O-O Nc5 {[%csl Gc5]} (14... Qxf2 $4
15. Rdf1 Qg3 16. Rh3 $18) 15. f3 {Weiß spielt den richtigen Plan. Nach dem
folgendem g2-g4 hat Weiß Initiative und positionellen Druck am Königsflügel.}
Rh8 16. Rdf1 {[%cal Gf1f6]} Qe7 17. g4 hxg4 (17... Ng8 18. gxh5 (18. g5) 18...
Rxh5 19. Ng2 {Und Weiß kann f3-f4 spielen mit Initiative.} (19. f4 Rxh4 20.
Rxh4 Qxh4 $13)) 18. fxg4 f6 19. Rfg1 {[%csl Rg7][%cal Gg1g7] Weiß hat
gefährliche Angriffschancen, weil es nicht leicht für Schwarz ist, Gegenspiel
zu finden.} Nf7 20. Bd1 $1 {Eine gute strategische Idee.Der Laeufer zielt nach
c2,wo steht er viel besser,als auf e2.Ribli.} Bd7 21. Bc2 Rh7 {[%cal Ga8h8,
Gh8h1]} 22. Ne2 {[%cal Gd2a5] Der Springer strebt nach g3, von wo aus er den
schwarzen König angreifen kann.} a4 (22... Rah8 23. Qxa5 Rxh4 (23... b6 24. Qe1
$16) 24. Rxh4 Rxh4 25. Qxc7) 23. Ng3 Rah8 24. Qf2 Qd8 (24... Rxh4 $2 25. Rxh4
Rxh4 26. Nh5+ $16) 25. Rf1 Qe7 26. h5 $16 Ng5 (26... g5 $4 27. Ngf5+ Bxf5 28.
Nxf5+) 27. hxg6 Kxg6 (27... Rxh1 28. Ngf5+ Bxf5 29. Nxf5+ $18) 28. Rxh7 Rxh7
29. Nh5 $18 Rf7 (29... Ncxe4 30. Qxf6+ Qxf6 31. Rxf6#) (29... Ngxe4 30. Qf3 $18
) 30. Nf5 Qf8 (30... Bxf5 31. Qxf5+ Kh6 32. Nxf6 $18 (32. Rh1 $18)) 31. Qh2
Ncxe4 (31... Rh7 32. Nh4+ $18 {[%csl Rf6,Rg6]}) (31... Qh8 32. Nf4+ exf4 33.
Qxh8 $18) 32. Nf4+ {Und Matt in nächstem Zug.} (32. Nf4+ exf4 33. Qh5#) 1-0

[Event "Redbus KO"]
[Site "Southend"]
[Date "2002.03.29"]
[Round "1.1"]
[White "Summerscale, Aaron"]
[Black "McNab, Colin Anderson"]
[Result "0-1"]
[WhiteElo "2503"]
[BlackElo "2425"]
[Annotator "Ribli,Z"]
[PlyCount "128"]
[EventDate "2002.03.29"]
[EventType "k.o."]
[EventRounds "4"]
[EventCountry "ENG"]
[SourceTitle "CBM 089"]
[Source "ChessBase"]
[SourceDate "2002.08.12"]
[SourceVersion "1"]
[SourceVersionDate "2002.08.12"]
[SourceQuality "1"]

1. d4 d6 2. Nf3 g6 3. c4 Bg7 4. Nc3 c6 5. e4 Bg4 6. Be2 {Wenn der Gegner gegen
den Punkt d4 spielt, ist dieser Zug nicht so logisch. Die Alternative 6.Be3
ist m.E. viel natürlicher.} (6. Be3) 6... Bxf3 7. Bxf3 (7. gxf3 Nd7 8. f4 Qb6
9. Be3 Qxb2 10. Na4 Qb4+ 11. Bd2 Qa3 12. Bc1 Qh3 13. Bg4 Qh4 14. Bxd7+ Kxd7 15.
Rb1 Rb8 16. Rb4 Qh3 17. Be3 Qg2 18. Ke2 Nf6 {0-1 Garcia Ilundain,
D-Azmaiparashvili,Z/Terrassa 1992/EXT 2002 (26)}) 7... Qb6 {Das ist die
Lieblingsvariante von McNab. Jetzt hängt der Zentrumsbauer d4.} 8. O-O $6 {
Weiß ist optimistisch und opfert den Bauern. Er bekommt dafür zwar in der Tat
Entwicklungsvorsprung, aber ich glaube nicht, dass das ausreichende
Kompensation darstellt.} (8. d5 Nd7 (8... Qb4 9. O-O (9. Qb3 Qxb3 10. axb3 Nd7
11. Be3 Bxc3+ 12. bxc3 c5 13. Ke2 $14 {1/2-1/2 Chichkin,V-Artamonova,V/Kiev
2002/CBM 86 ext (22)}) 9... Qxc4 10. Be3 Qb4 11. a3 Qa5 12. Qb3 Qc7 13. Rac1
Nf6 14. e5 dxe5 15. d6 Qd7 16. Nb5 O-O 17. dxe7 Rc8 18. Rfd1 Qxe7 19. Nd6 $36 {
1-0 Jackelen,T-Bayer,E/Porz 1988/CBM 10 (39)}) (8... Bxc3+ 9. bxc3 Nf6 10. Bh6
Nbd7 $13) 9. O-O Ngf6 10. Rb1 (10. Qc2 O-O 11. Be3 Qc7 12. Rac1 Rfc8 13. Qd2
Qd8 14. Be2 cxd5 15. cxd5 a6 16. f3 {1/2-1/2 Buckley,G-McNab,C/Birmingham 2001/
CBM 84 ext (68)}) 10... O-O 11. Be3 Qc7 12. Be2 Rfc8 13. Qd2 cxd5 14. exd5 a6
15. Rfc1 Qd8 16. h3 {1-0 Gleizerov,E-McNab,C/Port Erin 2001/CBM 84 ext (39)})
8... Qxd4 9. Qe2 Nd7 (9... Qb6 $15) 10. Be3 Qe5 (10... Qf6 $6 11. Bg4 $44) 11.
Bg4 Ngf6 12. f4 Qa5 13. Bf3 O-O $15 {Schwarz hat einen Bauern mehr. Obwohl
Weiß das Läuferpaar und eine aktive Stellung besitzt, so gibt der materielle
Vorteil von Schwarz hier doch den Ausschlag.} 14. g4 {Das ist ein nur
scheinbar aktiver Zug, in Wirklichkeit droht nichts.} a6 15. Rad1 (15. g5 Ne8
$15) 15... Rad8 16. Bf2 h6 (16... Ne8 $5) 17. Kg2 (17. h4 h5 18. g5 Ng4 $17)
17... Ne8 18. Be3 b5 (18... Bxc3 19. bxc3 Qxc3 $17) 19. a3 Bxc3 20. bxc3 Qxc3
$17 {Jetzt hat Schwarz schon zwei Bauern mehr, und es ist noch immer nicht zu
sehen, wie Weiß seinen Raumvorteil und das Läuferpaar ausnutzen könnte.} 21.
cxb5 cxb5 22. e5 dxe5 (22... Qxa3 23. Ra1 Qb3 24. Rxa6 $44) 23. Bb6 Nxb6 $5 {
Schwarz hat so viele Bauern, dass er kann ruhig die Qualität geben.} (23... Nc7
24. Rc1 Ne6 $19) 24. Rxd8 Qc7 {[%cal Re5f4,Rc7d8]} 25. Rfd1 exf4 {[%mdl 1024]
Schwarz hat drei Bauern für die Qualität.} 26. Qe4 Nf6 27. Qb7 Qxb7 28. Bxb7
Nxg4 $1 (28... Nc4 $17) (28... a5 $17) 29. Rxf8+ Kxf8 30. Rd8+ Kg7 31. Bxa6 Nc4
32. Kf3 (32. a4 bxa4 (32... Nce3+ $19) 33. Bxc4 Ne3+ $19) 32... f5 33. Bxb5 (
33. Kxf4 Nxa3 $19) 33... Nxa3 34. Bd3 Ne5+ (34... e5 35. Ra8 $132 {[%csl Ra3]})
35. Kxf4 Nxd3+ 36. Rxd3 Nc4 $19 {[%mdl 4096] Das Endspiel kann zwar lange
dauern, aber Schwarz steht klar auf Gewinn.} 37. Rc3 e5+ 38. Kf3 Nd6 39. Rc6
Nb5 {[%cal Gb5d4]} 40. Ke3 Nd4 41. Ra6 (41. Rb6) 41... Kf7 42. Kd3 h5 43. h3
Ne6 44. Kc4 {45.Kd5 droht nicht wegen 45...Nc7+, aber 45...Kf6?? wäre fatal
wegen 46.Kd5.} e4 45. Rb6 Nf4 46. Rb3 h4 (46... Kf6 $19) 47. Kd4 Kf6 48. Ra3
Kg5 49. Rb3 Ng2 (49... Ne6+) 50. Rb2 Nf4 51. Rb3 Ne6+ 52. Ke3 f4+ {Es gibt
immer Motive mit Springergabeln - auf 53.Kxe4 folgt hier Nc5+.} 53. Kf2 e3+ 54.
Ke1 Nd4 55. Rd3 Nf3+ 56. Kf1 (56. Ke2 Ng1+ $19 {[%cal Rg1e2,Rg1h3]}) 56... Kf5
57. Rd6 Ne5 58. Rd4 f3 59. Ke1 g5 60. Kf1 g4 61. hxg4+ Nxg4 {N+PPP gegen R ist
einfach zu gewinnen.} 62. Rd8 Kf4 63. Rf8+ Kg3 64. Rg8 h3 0-1